000 00897nam a22003377a 4500
001 BR9605473
003 BR-BrBNA
005 20230928095057.0
007 ta
008 230509b bl.||||| |||| 00| 0 por d
040 _aBR-BrBNA
_bpor
_cBiblioteca Nacional de Agricultura
041 _a(Por)
072 _aF04; F07
_b1570
090 _ 1570 BR9605473
100 1 _aSalton, J.C.
100 1 _aPitol, C.
100 1 _aSiede, P.K.
100 1 _aHernani, L.C.
100 1 _aEndres, V.C.
110 1 _aCentro de Pesquisa Agropecuaria do Oeste, Dourados, MS (Brasil)
245 1 _aNabo forrageiro sistemas de manejo
260 3 _aDourados, MS (Brasil):
_c1995.
300 _a23 p.
500 _a5 ref.; 9 illus.
650 _aRabanete
650 _aAdubacao
650 _aManejo do Solo
650 _aMato Grosso do Sul
909 _a202309
_bLucia
_c55
_dLucia Elande
942 _cBK
999 _c54383
_d54383